India is for sale/ (Record no. 163848)
[ view plain ]
| 000 -LEADER | |
|---|---|
| fixed length control field | 00608nam a2200193 4500 |
| 005 - DATE AND TIME OF LATEST TRANSACTION | |
| control field | 20190502112142.0 |
| 010 ## - LCCN (DPL NO) | |
| LC control number | A-896935 |
| 035 ## - SYSTEM CONTROL NUMBER | |
| System control number | A-896935 |
| 037 ## - SOURCE OF ACQUISITION | |
| Source of stock number/acquisition | DBAD/PUB |
| 082 ## - DEWEY DECIMAL CLASSIFICATION NUMBER | |
| Classification number | 320.954 |
| 100 ## - MAIN ENTRY--PERSONAL NAME | |
| Personal name | Subramaniam,Chitra |
| 245 ## - TITLE STATEMENT | |
| Title | India is for sale/ |
| Statement of responsibility, etc | by Chitra,Subramaniam |
| 260 ## - PUBLICATION, DISTRIBUTION, ETC. (IMPRINT) | |
| Place of publication, distribution, etc | New Delhi |
| Name of publisher, distributor, etc | UBS Publishers' Distributors Ltd. |
| Date of publication, distribution, etc | 1997 |
| 270 ## - ADDRESS | |
| Address | 5 Ansari road , |
| City | New Delhi |
| Postal code | 110002 |
| Telephone number | 3273601 |
| Electronic mail address | ubspd.del@smy.sprintrpg.ems.vsnl.net.in |
| 300 ## - PHYSICAL DESCRIPTION | |
| Extent | 219p. |
| Dimensions | 21cms(hbk) |
| 500 ## - GENERAL NOTE | |
| General note | It includes index |
| 942 ## - ADDED ENTRY ELEMENTS (KOHA) | |
| Source of classification or shelving scheme | Dewey Decimal Classification |
| Item type | English Books |
| Classification part | 320.954 |
| Call number suffix | SUB |
| Withdrawn status | Lost status | Not for loan | Collection code | Home library | Current library | Date acquired | Source of acquisition | Full call number | Barcode | Copy number | Koha item type |
|---|---|---|---|---|---|---|---|---|---|---|---|
| Non-fiction | Central Library | Central Library | 02/05/2019 | DBAD/PUB | 320.954 SUB | A-896935 | 1 | English Books |
